| Tag |
First Indicator |
Second Indicator |
Subfields |
| LEADER |
00000cam a2200000 a 4500 |
| 001 |
in00000025880 |
| 005 |
20151007054515.0 |
| 008 |
851112r19861974nyuac 00110beng |
| 010 |
|
|
|a 85028594
|
| 020 |
|
|
|a 0872260496 (pbk.)
|
| 035 |
|
|
|a (OCoLC)12945788
|
| 035 |
|
|
|9 AAB5267AM
|
| 040 |
|
|
|a DLC
|c DLC
|d m/c
|d TXA
|d UtOrBLW
|
| 049 |
|
|
|a [Curr Col] TXAM
|c [A11086016]
|
| 050 |
0 |
0 |
|a PR4856
|b .F5 1986
|
| 082 |
0 |
|
|a 828/.809
|a B
|2 19
|
| 100 |
1 |
|
|a Fido, Martin.
|
| 245 |
1 |
0 |
|a Rudyard Kipling /
|c Martin Fido.
|
| 250 |
|
|
|a 1st American pbk. ed.
|
| 264 |
|
1 |
|a New York :
|b P. Bedrick Books,
|c 1986
|
| 264 |
|
4 |
|c ©1974
|
| 300 |
|
|
|a 144 pages :
|b illustrations (some color), portraits ;
|c 30 cm.
|
| 336 |
|
|
|a text
|b txt
|2 rdacontent
|
| 337 |
|
|
|a unmediated
|b n
|2 rdamedia
|
| 338 |
|
|
|a volume
|b nc
|2 rdacarrier
|
| 500 |
|
|
|a Includes index.
|
| 600 |
1 |
0 |
|a Kipling, Rudyard,
|d 1865-1936.
|
| 650 |
|
0 |
|a Authors, English
|y 19th century
|v Biography.
|
| 650 |
|
0 |
|a Authors, English
|y 20th century
|v Biography.
|
| 999 |
|
|
|a MARS
|
| 999 |
f |
f |
|s b7b381fa-eb85-3cb3-beaa-df0b414c6ba7
|i c74d0679-1aaa-3816-b948-4b56f540198a
|t 0
|
| 952 |
f |
f |
|p ric
|a Texas A&M University
|b Rellis Campus
|c Joint Library Facility
|d Remote Storage
|t 0
|e PR4856 .F5 1986
|h Library of Congress classification
|i unmediated -- volume
|m A14811086016
|
| 998 |
f |
f |
|a PR4856 .F5 1986
|t 0
|l Remote Storage
|